| 000 | 00710nam a22002177a 4500 | ||
|---|---|---|---|
| 003 | CO-ViMGA | ||
| 008 | 180303 2017 000e 0 spa d ck | ||
| 020 | _a9789585825031 | ||
| 040 |
_aCO-ViMGA _bspa _cCO-ViMGA |
||
| 082 | 0 | 4 |
_a581.9861 _bS267sa1 |
| 245 | 1 | 0 |
_aSavia Andina : _bInventario Botánico de la Región / _cPatricia Nieto.. [Et al] |
| 260 |
_aMedellín _bGrupo Argos _c2017 |
||
| 300 |
_a175 p. _bbil., color |
||
| 490 |
_aSavia _v5 |
||
| 500 | _aIncluye indice onomástico | ||
| 650 | 1 | 4 |
_aBotánica _zColombia _912633 |
| 650 | 1 | 4 |
_aBotánica _zRegión Andina (Colombia) _912631 |
| 650 | 1 | 4 |
_aTaxonomía Vegetal _zRegión Andina (Colombia) _912632 |
| 700 | 1 |
_aNieto, Patricia _91454 |
|
| 942 |
_2ddc _cBK |
||
| 999 |
_c37030 _d37030 |
||